00618nam a2200193Ia 4500008004100000020001500041082001400056100002500070245002300095250000800118260004200126300002800168500001900196600002100215650005000236942000700286952011600293999001500409240925s9999 xx 000 0 und d a8178087855 a004.6 TAN aTanenbaum, Andrew .S 0aComputer Networks  a4th aSingapore:bPearson educationc,2004. axii,772p.bNAfOriginal aIncludes Index aComputer Science aComputer science, information & general works cBK 001040708CSaUITUbUITUd2007-01-16eF.B.Cg565.00l0o004.6 TANpQ6797r2024-09-25 07:14:22w2024-09-25yBK c9296d9296